| 000 | 00846nmc a2200301 a 4500 | ||
|---|---|---|---|
| 003 | AR-BaBNM | ||
| 005 | 20251128211309.0 | ||
| 008 | 273120s1986 ||||||||||||||000 | spa|| | ||
| 020 | _a950-9309-07-9 | ||
| 040 | _cAR-BaBNM | ||
| 100 | 1 | _aLouhau, Ruth | |
| 245 | 1 | 0 | _aIniciación a la ciencia y la ecología |
| 260 |
_aVicente López _bEdiciones Pac _c1986 |
||
| 300 | 0 | _a187 p. | |
| 490 | 0 |
_aDidactiset _vv. 1 |
|
| 504 | _aContiene referencias bibliográficas p. 185-186 | ||
| 650 | 4 | _aFORMACION CIENTIFICA | |
| 650 | 4 | _aPENSAMIENTO LOGICO | |
| 650 | 4 | _aEDUCACION AMBIENTAL | |
| 650 | 4 | _aECOLOGIA | |
| 650 | 4 | _aENSEÑANZA DE LA CIENCIA | |
| 653 | 0 | _aENSENANZA DE LAS CIENCIAS NATURALES | |
| 653 | 0 | _aEDUCACION INICIAL | |
| 653 | 0 | _aEDUCACION PRIMARIA | |
| 653 | 0 | _aPRIMER CICLO DE LA EGB | |
| 942 | _cBK | ||
| 998 | _craquel | ||
| 999 |
_c19055 _d19055 |
||